000 00289nam a22001217a 4500
008 260424b |||||||| |||| 00| 0 eng d
082 _a001347
100 _aPanday, Janardhan Shastri
245 _aMeghadutam
260 _aDelhi
_bMotilal Banarasidass
_c2018
300 _a127p
942 _2ddc
999 _c1329
_d1329